书目信息 |
| 题名: |
生命科学的新浪花
|
|
| 作者: | 张剑倜 , 梁占恒 主编 | |
| 分册: | ||
| 出版信息: | 北京 北京理工大学出版社 1989 |
|
| 页数: | 420页 | |
| 开本: | 20cm | |
| 丛书名: | ||
| 单 册: | ||
| 中图分类: | Q1-0 | |
| 科图分类: | ||
| 主题词: | 生命--科学 | |
| 电子资源: | ||
| ISBN: | 7-81013-290-3 | |
| 000 | 00628nam0 2200205 450 | |
| 001 | 0740604884 | |
| 005 | 20070726151710.23 | |
| 010 | @a7-81013-290-3@dCNY4.25 | |
| 100 | @a20070721d1989 km y0chiy0120 ea | |
| 101 | 0 | @achi |
| 102 | @aCN@b110000 | |
| 200 | 1 | @a生命科学的新浪花@Asheng ming ke xue de xin lang hua@f张剑倜,梁占恒主编@Fzhang jian ti,liang zhan heng zhu bian |
| 210 | @a北京@c北京理工大学出版社@d1989 | |
| 215 | @a420页@d20cm | |
| 606 | 0 | @a生命@x科学 |
| 690 | @aQ1-0@v3 | |
| 701 | 0 | @a张剑倜@Azhang jian ti@4主编 |
| 701 | 0 | @a梁占恒@Aliang zhan heng@4主编 |
| 801 | 0 | @aCN@bPFT@c20070726 |
| 905 | @a10447@dQ1-0@e134 | |
| 生命科学的新浪花/张剑倜,梁占恒主编.-北京:北京理工大学出版社,1989 |
| 420页;20cm |
| ISBN 7-81013-290-3:CNY4.25 |
| ● |
| 相关链接 |
|
|
|
|
正题名:生命科学的新浪花
索取号:Q1-0/134
 
预约/预借
| 序号 | 登录号 | 条形码 | 馆藏地/架位号 | 状态 | 备注 |
| 1 | 0769322 | 207693227 | 第二样本阅览室/ [索取号:Q1-0/134] | 在馆 |